000
00311 a2200145 4500
001
152511
040
_c
Escola São Tomás de Aquino
100
_a
BANDEIRA, Manuel
240
1
0
_a
Estrela da tarde
_l
por
245
1
0
_a
Estrela da tarde
362
0
_a
2012
440
1
_a
Global
697
_a
Poesia
942
_c
BK
999
_c
152511
_d
152511